000 00255nam a2200109Ia 4500
008 190216s9999||||xx |||||||||||||| ||und||
100 _aChandra Bhanu
245 0 _aHindi-Maha Bharath Sookthi Sudha
260 _bGovind Ram
650 _aHindi
942 _cBK
999 _c15488
_d15488